Protecting earth`s rain forests (Record no. 759091)

MARC details
000 -LEADER
fixed length control field 00600nam a22001817a 4500
005 - DATE AND TIME OF LATEST TRANSACTION
control field 20231023092733.0
008 - FIXED-LENGTH DATA ELEMENTS--GENERAL INFORMATION
fixed length control field 231023b sa ||||| |||| 00| 0 eng d
020 ## - INTERNATIONAL STANDARD BOOK NUMBER
International Standard Book Number <a href="9781580138543">9781580138543</a>
Qualifying information (pbk)
040 ## - CATALOGING SOURCE
Original cataloging agency RDA
Transcribing agency 3228
082 ## - DEWEY DECIMAL CLASSIFICATION NUMBER
-- 23
Classification number J 577.34 WELS
942 ## - ADDED ENTRY ELEMENTS
Creator ID 375
Creator Name Rosinah Mosako
Modifier ID 375
Modifier Name Rosinah Mosako
100 ## - MAIN ENTRY--PERSONAL NAME
Personal name Welsbacher, Anne
245 ## - TITLE STATEMENT
Title Protecting earth`s rain forests
Statement of responsibility, etc. Anne, Welsbacher
260 ## - PUBLICATION, DISTRIBUTION, ETC.
Place of publication, distribution, etc. Minneapolis:
Name of publisher, distributor, etc. Lerner Publications Company;
Date of publication, distribution, etc. c2009
300 ## - PHYSICAL DESCRIPTION
Extent 72 pages: color illustration;
Other physical details Color Map,
Dimensions 24 cm.
504 ## - BIBLIOGRAPHY, ETC. NOTE
Linkage Includes bibliographic reference and index
650 ## - SUBJECT ADDED ENTRY--TOPICAL TERM
Topical term or geographic name entry element Rain forest Ecology
9 (RLIN) 183225
942 ## - ADDED ENTRY ELEMENTS
Source of classification or shelving scheme Dewey Decimal Classification
item type Books
Holdings
Withdrawn status Lost status Source of classification or shelving scheme Damaged status Not for loan Home library Current library Shelving location Date acquired Total Checkouts Full call number Barcode Date last seen Price effective from item type Collection code Inventory number Copy number
    Dewey Decimal Classification     Thistle Grove Leandra General Stacks 23.10.2023   J 577.34 WELS 33228017619097 23.10.2023 23.10.2023 Books      
    Dewey Decimal Classification   Not For Loan Nthoroane Nthoroane Non Fiction 13.11.2024   23 J 577.34 WELS 9781580138543 13.11.2024 13.11.2024 Book 500: Science 3228200009776 1